[Event "Spring Server Series, S02063"]
[Site "CCLA"]
[Date "2020.05.26"]
[Round "?"]
[White "Disque, Philip"]
[Black "Smith, Jason A."]
[Result "1-0"]
[WhiteElo "1668"]
[BlackElo "1768"]

1. e4 Nf6 2. e5 Nd5 3. d4 d6 4. Nf3 Bg4 5. Be2 e6 6. O-O Be7 7. c4 Nb6 8. 
Nc3 O-O 9. Be3 d5 10. c5 Bxf3 11. gxf3 N6d7 12. b4 f6 13. f4 f5 14. Kh1 b6
15. Bf3 Kh8 16. Rg1 a5 17. a3 axb4 18. axb4 Rxa1 19. Qxa1 bxc5 20. bxc5 
Nc6 21. Ne2 Qa8 22. h3 Qa5 23. Qxa5 Nxa5 24. Ra1 Nc4 25. Ra7 Rc8 26. Nc3 
Nxe3 27. fxe3 Bh4 28. Kg1 Kg8 29. Nxd5 exd5 30. Bxd5+ Kf8 31. Be6 Ke7 32. 
d5 Rd8 33. Rxc7 Ke8 34. d6 g5 35. Kg2 gxf4 36. exf4 Be1 37. Bxd7+ Rxd7 38.
 c6 Rxc7 39. dxc7 Ke7 40. c8=Q h5 41. Qxf5 h4 42. Qf6+ Ke8 43. e6 Bg3 44. 
Qf7+ Kd8 45. Qd7# 1-0

[Event "Spring Server Series, S02063"]
[Site "CCLA"]
[Date "2020.05.26"]
[Round "?"]
[White "Disque, Philip"]
[Black "Smail, John"]
[Result "1-0"]
[WhiteElo "1668"]
[BlackElo "1645"]

1. e4 e5 2. Nf3 Nc6 3. Bb5 Nd4 4. Nxd4 exd4 5. O-O Bc5 6. Bc4 d6 7. d3 c6 
8. Qh5 Qc7 9. Bg5 b5 10. Bb3 g6 11. Qf3 h6 12. Bh4 Rh7 13. h3 Be6 14. Nd2 
g5 15. Bg3 Ke7 16. Bxe6 fxe6 17. Qe2 e5 18. Nb3 Bb6 19. a4 a5 20. f3 Nf6 
21. Be1 Nh5 22. g3 Rg8 23. Kh2 b4 24. Nd2 Qd7 25. Nc4 Bc7 26. f4 Nxg3 27. 
Bxg3 gxf4 28. Bh4+ Ke6 29. Rg1 Rhg7 30. Qh5 Rxg1 31. Qf5# 1-0

[Event "Spring Server Series, S02063"]
[Site "CCLA"]
[Date "2020.05.26"]
[Round "?"]
[White "Smail, John"]
[Black "Ruiz, Glenn"]
[Result "0-1"]
[WhiteElo "1645"]
[BlackElo "1831"]

1. d4 Nf6 2. Nf3 e6 3. e3 c5 4. Bd3 d5 5. b3 Bd6 6. O-O Nc6 7. Bb2 Nb4 8. 
Be2 O-O 9. a3 Nc6 10. Bd3 b6 11. Nbd2 Bb7 12. Ne5 Rc8 13. f4 Ne7 14. Qf3 
b5 15. Bxb5 cxd4 16. Bxd4 Rxc2 17. Rf2 Qa5 18. Ndc4 dxc4 19. Qxb7 Rxf2 20.
 Kxf2 Rb8 21. Qxa7 Qxb5 22. Nxc4 Qd5 23. Nxd6 Qxd6 24. Bc5 Ne4+ 0-1

[Event "Spring Server Series, S02063"]
[Site "CCLA"]
[Date "2020.05.26"]
[Round "?"]
[White "Smail, John"]
[Black "Smith, Jason A."]
[Result "1-0"]
[WhiteElo "1645"]
[BlackElo "1768"]

1. e4 Nf6 2. e5 Nd5 3. d4 d6 4. Nf3 Bg4 5. Be2 e6 6. O-O Be7 7. c4 Nb6 8. 
exd6 cxd6 9. Nc3 O-O 10. b3 d5 11. c5 N6d7 12. b4 b6 13. h3 Bxf3 14. Bxf3 
bxc5 15. bxc5 Nc6 16. Qa4 Qa5 17. Qxc6 Qxc3 18. Be3 Nf6 19. Qa6 Qc2 20. 
Rfc1 Qf5 21. Rab1 Nh5 22. Rb7 Bg5 23. Rxa7 Rxa7 24. Qxa7 Bxe3 25. fxe3 Qd3
26. Re1 Qc3 27. Kf2 Nf6 28. Qa4 Ne4+ 29. Bxe4 dxe4 30. Re2 f5 31. Qb3 Qxb3
32. axb3 Rb8 33. Rb2 Kf7 34. Ke2 Ke7 35. b4 Kd7 36. b5 Kc7 37. b6+ Kb7 38.
 Ra2 Kc6 39. Ra7 e5 40. Rc7+ Kd5 41. b7 exd4 42. exd4 Kxd4 43. c6 Kd5 44. 
Rc8 f4 45. Rxb8 Kxc6 46. Rf8 Kxb7 47. Rxf4 g5 48. Rxe4 h5 49. Re5 g4 50. 
Rxh5 gxh3 51. g4 Kc7 52. Rxh3 Kd6 53. Re3 Kd5 54. g5 Kd4 55. g6 Kd5 56. g7
Kd4 57. g8=Q Kc5 58. Rd3 Kc6 59. Qc8+ Kb5 60. Rb3+ Ka4 61. Qb7 Ka5 62. 
Ra3# 1-0

[Event "Spring Server Series, S02063"]
[Site "CCLA"]
[Date "2020.05.26"]
[Round "?"]
[White "Smail, John"]
[Black "Disque, Philip"]
[Result "0-1"]
[WhiteElo "1645"]
[BlackElo "1668"]

1. e4 e6 2. d3 d5 3. Nd2 c5 4. g3 Nf6 5. Bg2 g6 6. Ngf3 Bg7 7. O-O O-O 8. 
Qe2 Nc6 9. c3 Qc7 10. Nb3 b6 11. Bg5 Ba6 12. Bxf6 Bxf6 13. Nfd2 Rad8 14. 
exd5 exd5 0-1

[Event "Spring Server Series, S02064"]
[Site "CCLA"]
[Date "2020.05.26"]
[Round "?"]
[White "Regan, David"]
[Black "Laaman, Thomas"]
[Result "0-1"]
[WhiteElo "1632"]
[BlackElo "1755"]

1. d4 d5 2. c4 e6 3. Nc3 c5 4. cxd5 exd5 5. Nf3 Nc6 6. dxc5 d4 7. Na4 Bxc5
8. Nxc5 Qa5+ 9. Bd2 Qxc5 10. Rc1 Qb6 11. e3 dxe3 12. Bxe3 Qxb2 13. Bc4 Nf6
14. Rc2 Qb4+ 15. Kf1 O-O 16. Bc5 Qa5 17. Bxf8 Kxf8 18. Qd6+ Kg8 19. g3 
Bh3+ 0-1

[Event "Spring Server Series, S02064"]
[Site "CCLA"]
[Date "2020.05.26"]
[Round "?"]
[White "Regan, David"]
[Black "Catania, Duane"]
[Result "1/2-1/2"]
[WhiteElo "1632"]
[BlackElo "1616"]

1. d4 e6 2. c4 b6 3. a3 Bb7 4. Nc3 f5 5. d5 Nf6 6. g3 e5 7. Bg2 d6 8. Nf3 
Nbd7 9. e4 fxe4 10. Ng5 Nc5 11. Ngxe4 Nfxe4 12. Nxe4 Nxe4 13. Bxe4 Qf6 14.
 Qf3 Qxf3 15. Bxf3 Be7 16. O-O O-O 17. Bg4 Bc8 18. Bxc8 Raxc8 19. Be3 Rf5 
20. Rac1 Rcf8 21. Rfd1 h6 22. b4 g5 23. Rd2 Kg7 24. b5 Kg6 25. Re2 h5 26. 
a4 g4 27. Rcc2 Bg5 28. Bxg5 Kxg5 29. Re3 Rf3 30. Rce2 Rxe3 31. Rxe3 Rf3 
32. h4+ Kf5 33. Rxf3+ gxf3 34. Kf1 Kg4 35. Ke1 Kf5 36. Kd2 Ke4 37. Kc3 Kf5
38. Kd2 Ke4 1/2-1/2

[Event "Spring Server Series, S02064"]
[Site "CCLA"]
[Date "2020.05.26"]
[Round "?"]
[White "Regan, David"]
[Black "Hadley, Douglas R."]
[Result "1/2-1/2"]
[WhiteElo "1632"]
[BlackElo "1556"]

1. d4 Nf6 2. c4 e6 3. Nc3 Bb4 4. e3 O-O 5. Ne2 d5 6. a3 Be7 7. cxd5 Nxd5 
8. Bd2 c5 9. dxc5 Bxc5 10. g3 Nxc3 11. Bxc3 Bd7 12. Nd4 Nc6 13. Nxc6 Bxc6 
14. Qxd8 Raxd8 15. Rg1 Rd7 16. Bg2 Bxg2 17. Rxg2 Rfd8 18. Rg1 f6 19. Ke2 
Kf7 20. Rgd1 f5 21. Rxd7+ Rxd7 22. Rd1 Rxd1 23. Kxd1 g5 24. Ke2 g4 25. Kd3
Ke7 26. Be5 Kd7 27. Kc4 Kc6 28. a4 a5 29. b3 h5 30. Bc3 b6 31. b4 Bxb4 32.
 Bxb4 axb4 33. Kxb4 Kb7 34. Kb5 Ka7 35. Kc4 Ka6 36. Kb4 Kb7 1/2-1/2

[Event "Spring Server Series, S02064"]
[Site "CCLA"]
[Date "2020.05.26"]
[Round "?"]
[White "Laaman, Thomas"]
[Black "Regan, David"]
[Result "1/2-1/2"]
[WhiteElo "1755"]
[BlackElo "1632"]

1. e4 e5 2. f4 exf4 3. Bc4 Qh4+ 4. Kf1 d6 5. Nf3 Qh6 6. d4 Be6 7. d5 Bd7 
8. Qd2 Nf6 9. Nc3 Ng4 10. Qxf4 Qxf4 11. Bxf4 Be7 12. h3 Nf6 13. g4 O-O 14.
 Re1 h6 15. Kg2 a6 16. a4 c5 17. Nh4 Re8 18. Nf5 Bxf5 19. exf5 Nbd7 20. b3
Bf8 21. Bd3 Rxe1 22. Rxe1 Re8 23. Rxe8 Nxe8 24. Ne4 Ne5 25. Nf2 Nxd3 26. 
Nxd3 Nf6 27. c4 Be7 28. Kf3 Kf8 29. Nf2 Ke8 30. Ne4 Nxe4 31. Kxe4 Kd7 32. 
a5 Bf6 33. Bd2 Kc7 34. Kd3 b5 35. Bc3 Bxc3 36. Kxc3 b4+ 37. Kd3 Kd7 38. f6
g6 39. g5 h5 40. Ke4 1/2-1/2

[Event "Spring Server Series, S02064"]
[Site "CCLA"]
[Date "2020.05.26"]
[Round "?"]
[White "Laaman, Thomas"]
[Black "Catania, Duane"]
[Result "1-0"]
[WhiteElo "1755"]
[BlackElo "1616"]

1. e4 e6 2. d4 d5 3. e5 c5 4. c3 Nc6 5. Nf3 Bd7 6. Be2 Qb6 7. O-O Be7 8. 
a3 c4 9. Nbd2 Na5 10. h3 Nb3 11. Nxb3 Ba4 12. Bg5 Bxb3 13. Qd2 h6 14. Bxe7
Nxe7 15. Qf4 O-O 16. Nd2 Bc2 17. Ra2 Bg6 18. Nf3 Qb3 19. Rfa1 Nc6 20. Bd1 
Qb6 21. Qd2 Na5 22. Rc1 Nb3 23. Bxb3 cxb3 24. Raa1 Rac8 25. Ne1 f6 26. 
exf6 Rxf6 27. Nf3 Rcf8 28. Rf1 Rxf3 29. gxf3 Rxf3 30. Rae1 Rxh3 31. Re3 
Rh5 32. Re5 Bf5 33. f3 Qd8 34. Qf4 Qe8 35. Rf2 Bh3 36. Rxh5 Qxh5 37. Qg3 
Bf5 38. Rh2 Qg5 39. Qxg5 hxg5 40. Rg2 g6 41. Rxg5 b5 42. Kf2 a5 43. Ke3 a4
44. Kf4 Kf7 45. Ke5 Ke7 46. Rg1 Kf7 47. f4 Bd3 48. Rh1 Bf5 49. Rh7+ 1-0

[Event "Spring Server Series, S02064"]
[Site "CCLA"]
[Date "2020.05.26"]
[Round "?"]
[White "Laaman, Thomas"]
[Black "Hadley, Douglas R."]
[Result "1-0"]
[WhiteElo "1755"]
[BlackElo "1556"]

1. e4 e6 2. d4 d5 3. e5 c5 4. c3 Nc6 5. Nf3 Bd7 6. Be2 Nge7 7. Na3 cxd4 8.
 cxd4 Nf5 9. Nc2 Nb4 10. O-O Nxc2 11. Qxc2 Qb6 12. Qd3 Be7 13. a4 a5 14. 
b3 O-O 15. g4 Nh4 16. Nxh4 Bxh4 17. g5 Qd8 18. f4 h6 19. gxh6 gxh6 20. f5 
Bg5 21. f6 Bxc1 22. Raxc1 Kh8 23. Kh1 Rg8 24. Rg1 b6 25. Qh3 Qf8 26. Rxg8+
Qxg8 27. Rg1 Qf8 28. Rg7 Qxg7 29. fxg7+ Kxg7 30. Qh4 Rc8 31. Qf6+ Kg8 32. 
Qxh6 Bc6 33. Bd3 1-0

[Event "Spring Server Series, S02064"]
[Site "CCLA"]
[Date "2020.05.26"]
[Round "?"]
[White "Catania, Duane"]
[Black "Regan, David"]
[Result "0-1"]
[WhiteElo "1616"]
[BlackElo "1632"]

1. e4 e5 2. Nf3 Nc6 3. Bc4 Nf6 4. Ng5 d5 5. exd5 Na5 6. Bb5+ c6 7. dxc6 
bxc6 8. Qf3 Be7 9. O-O O-O 10. Ba4 Nd7 11. Ne4 f5 12. Nec3 e4 13. Qe2 Nf6 
14. h3 Nd5 15. d3 Ba6 16. Rd1 Kh8 17. a3 exd3 18. cxd3 Bf6 19. Bd2 Qb6 20.
 b4 Nb7 21. Ra2 Nd6 22. Nxd5 cxd5 23. Nc3 Qd4 24. b5 Bb7 25. Qe3 Qxe3 26. 
fxe3 Rac8 27. Ne2 a6 28. bxa6 Bxa6 29. Bb4 Rfd8 30. Nf4 Nb5 31. Rc2 d4 32.
 Rxc8 Rxc8 33. Bxb5 Bxb5 34. exd4 Bxd4+ 35. Kh1 Rc2 36. Ne6 Bf6 37. d4 Bc4
38. d5 Kg8 39. Nc5 Be2 40. Rd2 Rc1+ 41. Kh2 Be5+ 42. g3 Bf3 43. Rg2 Bxg2 
44. Kxg2 Rd1 45. g4 fxg4 46. hxg4 Rxd5 47. Kf3 Bd6 48. Na6 Bxb4 49. axb4 
Rb5 0-1

[Event "Spring Server Series, S02064"]
[Site "CCLA"]
[Date "2020.05.26"]
[Round "?"]
[White "Catania, Duane"]
[Black "Laaman, Thomas"]
[Result "0-1"]
[WhiteElo "1616"]
[BlackElo "1755"]

1. e4 e5 2. Bc4 Nf6 3. d3 Nc6 4. Nf3 Bc5 5. c3 d6 6. Bb3 Bg4 7. Nbd2 O-O 
8. O-O Ne7 9. Re1 Ng6 10. Nf1 Nh4 11. Bg5 Nxf3+ 12. gxf3 Bh3 13. d4 exd4 
14. cxd4 Bb4 15. Re3 h6 16. Bh4 g5 17. Bg3 Bxf1 18. Qxf1 Nh7 19. Rd1 Kh8 
20. e5 f5 21. f4 d5 22. Qb5 Be7 23. Qxb7 c5 24. dxc5 Bxc5 25. Rxd5 Qb6 26.
 Qxb6 Bxb6 27. Red3 Rad8 28. e6 Rde8 29. Rd7 Nf6 30. fxg5 Nxd7 31. Rxd7 f4
32. e7 Rf5 33. Be6 Re5 34. Bf7 R8xe7 35. Bxf4 Re1+ 36. Kg2 Rxd7 0-1

[Event "Spring Server Series, S02064"]
[Site "CCLA"]
[Date "2020.05.26"]
[Round "?"]
[White "Catania, Duane"]
[Black "Hadley, Douglas R."]
[Result "1/2-1/2"]
[WhiteElo "1616"]
[BlackElo "1556"]

1. e4 c5 2. Nf3 d6 3. Bb5+ Bd7 4. Bxd7+ Qxd7 5. O-O Nc6 6. d4 cxd4 7. Nxd4
Nf6 8. Nc3 e6 9. Re1 Be7 10. Be3 O-O 11. Nxc6 Qxc6 12. Qf3 e5 13. Rad1 
Rfd8 14. Re2 Rd7 15. Nd5 b6 16. Nxe7+ Rxe7 17. Bg5 Re6 18. c3 Rc8 19. h3 
h6 20. Bh4 Qc4 21. a3 Nd7 22. Qe3 g5 23. Bg3 a5 24. Red2 Rc6 25. f3 Qc5 
26. Bf2 Qxe3 27. Bxe3 Kf8 28. Kf2 Ke7 29. h4 f6 30. g3 Nc5 31. b4 axb4 32.
 cxb4 Nd7 33. hxg5 fxg5 34. Rd3 Nf6 35. Kg2 b5 36. Rc1 Rxc1 37. Bxc1 Kd7 
38. Be3 Kc6 39. Kf2 d5 40. Rc3+ Kd6 41. exd5 Nxd5 42. Bc5+ Kd7 43. Rc2 Re8
44. Be3 Rc8 45. Bc5 h5 46. Re2 Re8 1/2-1/2

[Event "Spring Server Series, S02064"]
[Site "CCLA"]
[Date "2020.05.26"]
[Round "?"]
[White "Hadley, Douglas R."]
[Black "Regan, David"]
[Result "1-0"]
[WhiteElo "1556"]
[BlackElo "1632"]

1. e4 e5 2. Nf3 Nc6 3. Bb5 a6 4. Ba4 Nf6 5. Qe2 b5 6. Bb3 Be7 7. c3 O-O 8.
 d4 d6 9. O-O Bg4 10. Rd1 Qd7 11. a4 b4 12. Bg5 exd4 13. cxd4 Na5 14. Bc2 
Rfe8 15. Nbd2 h6 16. Be3 Nc6 17. h3 Bh5 18. Nf1 d5 19. Ng3 dxe4 20. Nxe4 
Qd5 21. Nxf6+ Bxf6 22. g4 Bg6 23. Bxg6 fxg6 24. Rac1 Bd8 25. Rc5 Qe4 26. 
Nd2 Nxd4 27. Qc4+ Qe6 28. Qxe6+ Nxe6 29. Rc4 a5 30. Ne4 Kh7 31. b3 Bf6 32.
 Rd7 Be5 33. f4 Bb2 34. Rc2 Rad8 35. Rxd8 Nxd8 36. Rxb2 Rxe4 37. Kf2 Ne6 
38. Kf3 Rd4 39. Bxd4 Nxd4+ 40. Ke4 Ne6 41. Rc2 c5 42. Rd2 1-0

[Event "Spring Server Series, S02064"]
[Site "CCLA"]
[Date "2020.05.26"]
[Round "?"]
[White "Hadley, Douglas R."]
[Black "Laaman, Thomas"]
[Result "0-1"]
[WhiteElo "1556"]
[BlackElo "1755"]

1. e4 e5 2. Nf3 Nf6 3. Nxe5 d6 4. Nf3 Nxe4 5. d4 d5 6. Bd3 Nc6 7. O-O Be7 
8. c4 O-O 9. Nc3 Nxc3 10. bxc3 dxc4 11. Bxc4 Bg4 12. Re1 Bf6 13. Ba3 Re8 
14. Rxe8+ Qxe8 15. Qd3 Na5 16. Bd5 Rd8 17. Be4 g6 18. h3 Be6 19. Qb1 b6 
20. Bd3 Bd5 21. Nd2 Qc6 22. Qc2 Bxg2 23. Be4 Bxe4 24. Nxe4 Bxd4 25. Bb2 
Bg7 26. Re1 Nc4 27. Bc1 Re8 28. Re2 Nd6 29. Ng3 Qxc3 30. Rxe8+ Nxe8 31. 
Qd1 Nd6 32. Be3 Qa1 33. Qxa1 Bxa1 34. f3 Nf5 35. Nxf5 gxf5 36. Bf4 c5 37. 
Kf1 c4 38. a4 f6 39. Ke2 Kf7 40. Bc7 Be5 41. Bxe5 fxe5 42. Kd2 a6 43. Kc3 
b5 0-1

[Event "Spring Server Series, S02064"]
[Site "CCLA"]
[Date "2020.05.26"]
[Round "?"]
[White "Hadley, Douglas R."]
[Black "Catania, Duane"]
[Result "0-1"]
[WhiteElo "1556"]
[BlackElo "1616"]

1. e4 e6 2. d4 d5 3. e5 c5 4. c3 Nc6 5. Nf3 Qb6 6. Be2 Bd7 7. O-O Be7 8. 
Nbd2 cxd4 9. cxd4 Nxd4 10. Nxd4 Qxd4 11. Nf3 Qb6 12. b3 Rc8 13. Bb2 Nh6 
14. h3 Bb5 15. Bxb5+ Qxb5 16. Nd4 Qd7 17. Rc1 O-O 18. f4 Bc5 19. Kh2 Bxd4 
20. Bxd4 Nf5 21. Bf2 Rxc1 22. Qxc1 Rc8 23. Qd2 Qc6 24. g4 Ne7 25. Bd4 b6 
26. Rf2 h6 27. h4 Qc1 28. Qxc1 Rxc1 29. Rd2 Nc6 30. Bb2 Rf1 31. Kg3 g6 32.
 a3 Na5 33. Rd3 Rb1 34. b4 Rxb2 35. bxa5 bxa5 36. Kf3 a4 37. f5 Rb3 38. 
Ke3 Kf8 39. Kd4 gxf5 40. gxf5 Rxd3+ 41. Kxd3 Ke7 42. fxe6 fxe6 43. h5 Kd7 
44. Kc3 Kc7 45. Kb4 Kb6 46. Kc3 Kc5 47. Kd3 d4 48. Kd2 Kc4 49. Kc2 d3+ 50.
 Kd2 Kd4 51. Kd1 Kxe5 52. Kd2 Kd4 53. Kd1 e5 54. Kd2 e4 55. Kd1 e3 56. Ke1
Kc3 57. Kd1 e2+ 0-1

[Event "2020 Spring Server Series, S02065"]
[Site "CCLA"]
[Date "2020.05.26"]
[Round "?"]
[White "McLaughlin, Ed"]
[Black "Greco, Tom"]
[Result "1-0"]
[WhiteElo "1575"]
[BlackElo "1561"]

1. c4 e6 2. Nc3 d5 3. Nf3 Nf6 4. g3 Be7 5. d3 O-O 6. Bg2 c5 7. O-O Nc6 8. 
cxd5 exd5 9. d4 h6 10. Bf4 Be6 11. Rc1 Rc8 12. Na4 c4 13. Nc3 a6 14. h3 b5
15. Ne5 Qb6 16. g4 g5 17. Nxc6 Rxc6 18. Be5 Rd8 19. a3 Ne8 20. e4 dxe4 21.
 Nxe4 Bd5 22. Re1 f6 23. Bg3 Qa7 24. Re2 Kf7 25. Rc3 Ng7 26. Rce3 Ne6 27. 
Qe1 Nf4 28. Nxg5+ Kg6 29. Bxf4 Qxd4 30. Ne6 Rxe6 31. Rxe6 Bxe6 32. Re4 
Qxb2 33. Rxe6 Bxa3 34. Be5 Qd2 35. Rxf6+ Kh7 36. Qe4+ 1-0

[Event "2020 Spring Server Series, S02065"]
[Site "CCLA"]
[Date "2020.05.26"]
[Round "?"]
[White "McLaughlin, Ed"]
[Black "Smiley, William R."]
[Result "1/2-1/2"]
[WhiteElo "1575"]
[BlackElo "1576"]

1. c4 Nf6 2. Nc3 d5 3. cxd5 Nxd5 4. Nf3 Nxc3 5. bxc3 e6 6. g3 Nd7 7. Bg2 
c6 8. O-O Be7 9. d4 O-O 10. e4 Nb6 11. Qb3 1/2-1/2

[Event "2020 Spring Server Series, S02065"]
[Site "CCLA"]
[Date "2020.05.26"]
[Round "?"]
[White "McLaughlin, Ed"]
[Black "Berger, Byron"]
[Result "1/2-1/2"]
[WhiteElo "1575"]
[BlackElo "1333"]

1. d4 e6 2. Nd2 f5 3. e4 fxe4 4. Nxe4 Nf6 5. Bd3 b6 6. Qf3 d5 7. Nxf6+ 
Qxf6 8. c3 Qxf3 9. Nxf3 Bd6 10. O-O O-O 11. Bd2 c5 12. Rfe1 Nc6 13. Rac1 
Bd7 14. Ng5 h6 15. Nf3 Rae8 16. Be3 e5 17. dxe5 Nxe5 18. Nxe5 Bxe5 19. Re2
Bf5 20. Bb5 Re6 21. Rd1 Rd8 22. Bc1 Rdd6 23. h3 c4 24. Rde1 Bf6 25. Bf4 
Rxe2 26. Rxe2 Re6 27. Rxe6 Bxe6 28. Bb8 a5 29. Bc7 d4 30. Bxb6 dxc3 31. 
bxc3 Bxc3 32. Kf1 Kf7 33. Ke2 Kf6 34. Kd1 Ke5 35. Bc6 Bd5 36. Bxd5 Kxd5 
37. Kc2 Bb4 38. Be3 Ke4 39. Bb6 Kd5 40. Be3 Ke4 41. Bb6 Kd5 1/2-1/2

[Event "2020 Spring Server Series, S02065"]
[Site "CCLA"]
[Date "2020.05.26"]
[Round "?"]
[White "Greco, Tom"]
[Black "McLaughlin, Ed"]
[Result "1/2-1/2"]
[WhiteElo "1561"]
[BlackElo "1575"]

1. e4 Nf6 2. e5 Nd5 3. d4 c5 4. c4 Nb4 5. d5 d6 6. a3 N4a6 7. Nf3 Bg4 8. 
Be2 Nd7 9. exd6 exd6 10. Qd3 Be7 11. O-O O-O 12. Nc3 Nf6 13. Bd1 Nc7 14. 
Bc2 Bh5 15. Nh4 Bg6 16. Nxg6 fxg6 17. Qh3 Qe8 18. b4 b6 19. b5 Qd7 20. 
Qxd7 Nxd7 21. Re1 Bf6 22. Bd2 Ne5 23. Re4 Rf7 24. h3 Raf8 25. Rae1 Bd8 26.
 f4 Nd7 27. g4 Bh4 28. Rf1 g5 29. Ne2 gxf4 30. Rexf4 Ne5 31. Rxf7 Rxf7 32.
 Bf4 Nxc4 33. Nc3 Nxa3 34. Bxd6 Rxf1+ 35. Kxf1 Ncxb5 36. Nxb5 Nxb5 37. Be5
Be7 38. Ke2 Bd6 1/2-1/2

[Event "2020 Spring Server Series, S02065"]
[Site "CCLA"]
[Date "2020.05.26"]
[Round "?"]
[White "Greco, Tom"]
[Black "Smiley, William R."]
[Result "1-0"]
[WhiteElo "1561"]
[BlackElo "1576"]

1. d4 d5 2. c4 g6 3. cxd5 Qxd5 4. Nc3 Qd8 5. e4 e6 6. Nf3 Bg7 7. Bf4 a6 8.
 Be2 Nf6 9. O-O O-O 10. Ne5 Nbd7 11. Nc4 b5 12. Ne3 Bb7 13. f3 c5 14. dxc5
Nxc5 15. Bd6 Ncxe4 16. Bxf8 Qxd1 17. Ncxd1 1-0

[Event "2020 Spring Server Series, S02065"]
[Site "CCLA"]
[Date "2020.05.26"]
[Round "?"]
[White "Greco, Tom"]
[Black "Berger, Byron"]
[Result "1-0"]
[WhiteElo "1561"]
[BlackElo "1333"]

1. d4 e6 2. e4 d5 3. Nd2 c5 4. Ngf3 dxe4 5. Nxe4 cxd4 6. Qxd4 Qxd4 7. Nxd4
Be7 8. Bf4 Nf6 9. Nd6+ Bxd6 10. Bxd6 Bd7 11. f3 Nc6 12. Nb5 O-O-O 13. 
O-O-O Ne8 14. Nxa7+ Nxa7 15. Be7 Nc6 16. Bxd8 Kxd8 17. Bb5 Nf6 18. Bxc6 
bxc6 19. c4 Kc7 20. c5 Rd8 21. Rhe1 Bc8 22. Rxd8 Kxd8 23. Kc2 Nd5 24. Kb3 
Ba6 25. Ka4 Bb5+ 26. Ka5 Kc7 27. a4 Bc4 28. b4 Kb7 29. Rc1 Ba6 30. b5 1-0

[Event "2020 Spring Server Series, S02065"]
[Site "CCLA"]
[Date "2020.05.26"]
[Round "?"]
[White "Smiley, William R."]
[Black "McLaughlin, Ed"]
[Result "1/2-1/2"]
[WhiteElo "1576"]
[BlackElo "1575"]

1. e4 c5 2. Nf3 Nc6 3. d4 cxd4 4. Nxd4 Qb6 5. Nxc6 dxc6 6. c3 e5 7. Bc4 
Nf6 8. Nd2 Bc5 9. O-O Bg4 10. Qc2 O-O 11. Nb3 Be7 1/2-1/2

[Event "2020 Spring Server Series, S02065"]
[Site "CCLA"]
[Date "2020.05.26"]
[Round "?"]
[White "Smiley, William R."]
[Black "Greco, Tom"]
[Result "1-0"]
[WhiteElo "1576"]
[BlackElo "1561"]

1. e4 e5 2. f4 exf4 3. Nf3 d5 4. exd5 Nf6 5. d4 Nxd5 6. Bc4 Be6 7. Qe2 Be7
8. Bxd5 Qxd5 9. Bxf4 Bd6 10. Nc3 Qc4 11. Qxc4 Bxc4 12. Bxd6 cxd6 13. Ne4 
Ke7 14. Kd2 Nd7 15. Rhe1 d5 16. Nc5+ Kf6 17. Nxd7+ 1-0

[Event "2020 Spring Server Series, S02065"]
[Site "CCLA"]
[Date "2020.05.26"]
[Round "?"]
[White "Smiley, William R."]
[Black "Berger, Byron"]
[Result "1-0"]
[WhiteElo "1576"]
[BlackElo "1333"]

1. e4 e5 2. f4 d5 3. exd5 e4 4. d3 Nf6 5. Nc3 Bb4 6. Bd2 O-O 7. dxe4 Bxc3 
8. Bxc3 Nxe4 9. Ne2 Re8 10. Qd4 f6 11. O-O-O Nxc3 12. Nxc3 Bf5 13. h3 c5 
14. Qxc5 Na6 15. Bxa6 bxa6 16. g4 Bg6 17. d6 Qd7 18. Qc4+ Kh8 19. Qxa6 Re6
20. f5 1-0

[Event "2020 Spring Server Series, S02065"]
[Site "CCLA"]
[Date "2020.05.26"]
[Round "?"]
[White "Berger, Byron"]
[Black "McLaughlin, Ed"]
[Result "0-1"]
[WhiteElo "1333"]
[BlackElo "1575"]

1. Nc3 d5 2. e4 d4 3. Nce2 e5 4. Ng3 c5 5. Nf3 Bd6 6. Bc4 Nf6 7. d3 Bg4 8.
 Bxf7+ Kxf7 9. Bg5 Qd7 10. O-O Rf8 11. h3 Be6 12. Nh4 Be7 13. Qf3 Kg8 14. 
Ngf5 Nc6 15. Nxe7+ Nxe7 16. Qe2 Rac8 17. f4 h6 18. Bxf6 gxf6 19. Qh5 Kh7 
20. Rf3 Qe8 0-1

[Event "2020 Spring Server Series, S02065"]
[Site "CCLA"]
[Date "2020.05.26"]
[Round "?"]
[White "Berger, Byron"]
[Black "Greco, Tom"]
[Result "0-1"]
[WhiteElo "1333"]
[BlackElo "1561"]

1. Nc3 d5 2. e4 d4 3. Nce2 e5 4. Ng3 Nf6 5. Nf3 Bd6 6. Nf5 Bxf5 7. exf5 
Qd7 8. Qe2 Nc6 9. c3 d3 10. Qxd3 e4 0-1

[Event "2020 Spring Server Series, S02065"]
[Site "CCLA"]
[Date "2020.05.26"]
[Round "?"]
[White "Berger, Byron"]
[Black "Smiley, William R."]
[Result "1/2-1/2"]
[WhiteElo "1333"]
[BlackElo "1576"]

1. Nc3 d5 2. e4 dxe4 3. Nxe4 Bf5 4. Ng3 Bg6 5. Nf3 e6 6. d4 Nd7 7. Bd3 
Ngf6 8. O-O Be7 9. Bxg6 fxg6 10. Re1 Nf8 11. Ng5 Qd7 12. Qe2 Qxd4 13. Nxe6
Nxe6 14. Qxe6 Qd7 15. Bg5 Qxe6 16. Rxe6 Kf7 17. Rae1 Rhe8 18. Bxf6 gxf6 
19. Nf1 Rad8 20. R6e2 Bc5 21. Rxe8 Rxe8 22. Rxe8 Kxe8 1/2-1/2

[Event "Spring Server Series, S02066"]
[Site "CCLA"]
[Date "2020.05.26"]
[Round "?"]
[White "Hodgkins, Neil C."]
[Black "Berger, Byron"]
[Result "1-0"]
[WhiteElo "1408"]
[BlackElo "1298"]

1. d4 e6 2. c4 f5 3. Nf3 Nf6 4. Bg5 Be7 5. Nc3 O-O 6. Qc2 d6 7. e3 b6 8. 
Be2 Bb7 9. O-O Ne4 10. Bxe7 Qxe7 11. Rad1 Nxc3 12. Qxc3 Nd7 13. d5 e5 14. 
b4 c5 15. dxc6 Bxc6 16. Rfe1 e4 17. Nd4 Rac8 18. b5 Bb7 19. a4 Nc5 20. Ra1
Qg5 21. g3 Rf6 22. f3 h5 23. f4 Qh6 24. Kf2 g5 25. fxg5 Qxg5 26. Rg1 h4 
27. gxh4 1-0

[Event "Spring Server Series, S02066"]
[Site "CCLA"]
[Date "2020.05.26"]
[Round "?"]
[White "Hodgkins, Neil C."]
[Black "Williams, Rufus H."]
[Result "1/2-1/2"]
[WhiteElo "1408"]
[BlackElo "1312"]

1. d4 Nf6 2. c4 g6 3. Nf3 Bg7 4. Nc3 d5 5. g3 O-O 6. Bg2 e6 7. O-O Nc6 8. 
Bg5 h6 9. Bf4 a6 10. cxd5 exd5 11. Re1 Bf5 12. e4 dxe4 13. Nh4 Be6 14. 
Nxe4 Rc8 15. Nf3 b6 16. Nxf6+ Bxf6 17. Ne5 Nxe5 18. Bxe5 Bxe5 19. dxe5 Qe7
20. b3 c5 21. Qc2 Rc7 22. Rad1 Kg7 23. Bf1 b5 24. Rd6 Ra8 25. Bg2 Raa7 26.
 f4 Rc8 27. Red1 b4 28. h3 a5 29. Rc6 Rxc6 30. Bxc6 Bxh3 31. Bb5 Qb7 32. 
Bc4 Qf3 33. Bf1 Qxg3+ 34. Bg2 Bxg2 35. Qxg2 Qxf4 36. Re1 Re7 37. Qf2 Qg4+ 
38. Kf1 Qh3+ 39. Kg1 Qg4+ 40. Kf1 1/2-1/2

[Event "Spring Server Series, S02066"]
[Site "CCLA"]
[Date "2020.05.26"]
[Round "?"]
[White "Hodgkins, Neil C."]
[Black "Jimenez, Jose"]
[Result "0-1"]
[WhiteElo "1408"]
[BlackElo "1115"]

1. d4 d5 2. c4 Nf6 3. Nf3 dxc4 4. Nc3 e6 5. e4 c6 6. Bxc4 c5 7. O-O Nc6 8.
 Be3 Ng4 9. Bf4 a6 10. Re1 Nxd4 11. Nxd4 cxd4 12. Ne2 e5 13. Bg3 f6 14. a4
Bb4 15. Rf1 Qc7 16. b3 Qc6 17. f3 Ne3 18. Qd3 h5 19. Rfc1 h4 20. Bf2 h3 
21. Bxe3 dxe3 22. g3 Bd7 23. Qxe3 Bc5 24. Rc3 Bxe3+ 25. Rxe3 Qc5 26. Kf2 
b5 27. axb5 a5 28. Nc3 a4 29. Rxa4 Ke7 30. Nd5+ Kd6 31. Nc3 f5 32. Ke2 f4 
33. gxf4 exf4 34. Rd3+ Kc7 35. Rd5 Qg1 36. Rd1 Qe3+ 37. Kf1 Qxf3+ 38. Ke1 
Qxc3+ 39. Kf1 Rxa4 0-1

[Event "Spring Server Series, S02066"]
[Site "CCLA"]
[Date "2020.05.26"]
[Round "?"]
[White "Berger, Byron"]
[Black "Hodgkins, Neil C."]
[Result "1-0"]
[WhiteElo "1298"]
[BlackElo "1408"]

1. Nc3 e5 2. Nf3 Nc6 3. d4 d6 4. dxe5 dxe5 5. Qxd8+ Nxd8 6. Nxe5 Bb4 7. 
Bd2 Be6 8. Nb5 Bxd2+ 9. Kxd2 Rc8 10. Nxa7 Ra8 11. Nb5 Rc8 12. Rd1 Ne7 13. 
Kc1 O-O 14. e3 c6 15. Nd4 Bd5 16. Nd7 Re8 17. Nb6 Rc7 18. Nxd5 Nxd5 19. 
Bc4 b5 20. Bxd5 cxd5 21. Nxb5 Rc5 22. Nc3 Re5 23. Rd2 Ne6 24. Rhd1 Nc7 25.
 e4 dxe4 26. Rd8+ Re8 27. Rxe8+ Nxe8 28. Nxe4 Re5 29. f3 h6 30. b3 Nc7 31.
 Kb2 f5 32. Nc3 Ne6 33. a4 h5 34. Ra1 Nc5 35. a5 Na6 36. Ra4 Nc5 37. Ra1 
Re6 38. b4 Na6 39. b5 Nc5 40. a6 Re8 41. b6 h4 42. b7 Kf7 43. a7 Nxb7 44. 
a8=Q 1-0